000 01793nam a2200229 i 4500
001 991025489518607026
003 UkOxU
005 20250616133011.0
008 240220s2024 enkab 000 1 eng d
020 _a9781526628237
040 _aUkOxU
_beng
_erda
_cUkOxU
041 _aeng
100 _aMaas, Sarah J.
_eauthor.
_922933
245 1 0 _aHouse of flame and shadow
_c/ Sarah J. Maas.
264 1 _aLondon :
_bBloomsbury Publishing,
_c2024.
300 _a834 pages :
_billustrations, map ;
_c25 cm
490 _aCrescent City ; 3
520 _aThe stunning third book in the sexy, action-packed Crescent City series, following the global bestsellers House of Earth and Blood and House of Sky and Breath. Bryce Quinlan never expected to see a world other than Midgard, but now that she has, all she wants is to get back. Everything she loves is in Midgard: her family, her friends, her mate. Stranded in a strange new world, she's going to need all her wits about her to get home again. And that's no easy feat when she has no idea who to trust. Hunt Athalar has found himself in some deep holes in his life, but this one might be the deepest of all. After a few brief months with everything he ever wanted, he's in the Asteri's dungeons again, stripped of his freedom and without a clue as to Bryce's fate. He's desperate to help her, but until he can escape the Asteri's leash, his hands are quite literally tied. In this sexy, breathtaking sequel to the #1 bestsellers House of Earth and Blood and House of Sky and Breath, Sarah J. Maas's Crescent City series reaches new heights as Bryce and Hunt's world is brought to the brink of collapse-with its future resting on their shoulders
655 0 _aFantasy fiction
_922510
700 _aMaas, Sarah J.
_tCrescent City.
942 _2lcc
999 _c4743
_d4743